Statistiques concernant Paroles - Sur la Route - Gerald de Palmas

Cliquez ici pour prendre le quiz!

Statistiques générales

  • Ce quiz a été pris 128 fois
  • Le résultat moyen est 141 sur 181

Statistiques - réponses

Réponse % Correct
la
100%
la
100%
route
100%
la
100%
route
100%
sur
100%
la
100%
sur
100%
la
100%
la
100%
route
100%
sur
100%
sur
100%
la
100%
route
100%
la
100%
la
100%
sur
100%
la
100%
route
100%
la
100%
route
100%
sur
100%
la
100%
Toute
99%
Toute
99%
Toute
99%
Toute
99%
toute
99%
Toute
99%
Toute
99%
pas
98%
Je
98%
Je
98%
journée
98%
le
98%
sainte
98%
journée
98%
sainte
98%
Le
98%
pas
98%
journée
98%
le
98%
Je
98%
journée
98%
sainte
98%
pas
98%
Je
98%
le
98%
pas
98%
sainte
98%
journée
98%
sainte
98%
le
98%
sainte
98%
journée
98%
Je
98%
pas
98%
le
98%
Je
98%
le
98%
pas
98%
en
97%
en
97%
en
97%
en
97%
Si
96%
Si
96%
Si
96%
J'étais
94%
j'étais
94%
J'étais
94%
j'étais
94%
J'étais
94%
j'étais
94%
j'étais
94%
doute
93%
doute
93%
doute
93%
doute
93%
n'ai
91%
toi
91%
toi
91%
vu
91%
n'ai
91%
vu
91%
toi
91%
vu
91%
vu
91%
toi
91%
n'ai
91%
s'immiscer
80%
s'immiscer
80%
s'immiscer
80%
s'immiscer
80%
Dans
79%
tes
79%
tes
79%
dans
79%
tes
79%
Dans
79%
Dans
79%
Car
78%
Car
78%
Car
78%
J'avais
77%
j'avais
77%
j'avais
77%
j'avais
77%
pu
76%
pu
76%
pu
76%
pu
76%
seulement
75%
seulement
75%
seulement
75%
lire
74%
lire
74%
pensées
74%
pensées
74%
lire
74%
pensées
74%
de
71%
de
71%
de
71%
un
70%
un
70%
du
68%
68%
68%
me
68%
une
65%
ne
63%
ne
63%
.J'aurais
62%
J'aurais
62%
J'aurais
62%
Mais
62%
mes
59%
tu
58%
des
58%
faire
58%
J'ai
53%
Que
52%
chose
50%
plus
50%
pause
50%
autre
48%
Entre
48%
t'écouter
48%
mal
48%
fatale
47%
fatale
47%
Erreur
47%
m'arrêter
47%
trop
47%
Erreur
47%
bien
46%
temps
46%
mon
44%
pressé
44%
perdu
42%
l'habitude
40%
étais
39%
chacun
38%
solitude
38%
noie
38%
regrets
38%
verre
38%
attendre
37%
été
37%
derrière
36%
larmes
36%
Vient
35%
m'apercevais
34%
sentiment
32%
N'aurait-on
29%
profond
28%
fait
27%
malheur
21%
dissociais
21%

Distribution des résultats

Percentile by Number Answered

% des personnes avec chaque résultat

Votre développement - résultats

Vous n’avez pas pris ce quiz